Arrendamiento y restitucion : (Registro nro. 2108)

Detalles MARC
000 -LEADER
fixed length control field 01334nam a2200277 4500
001 - CONTROL NUMBER
control field 0000017494
003 - CONTROL NUMBER IDENTIFIER
control field CO-CtgCURN
005 - DATE AND TIME OF LATEST TRANSACTION
control field 20250507183112.0
007 - PHYSICAL DESCRIPTION FIXED FIELD--GENERAL INFORMATION
fixed length control field ta
008 - FIXED-LENGTH DATA ELEMENTS--GENERAL INFORMATION
fixed length control field 160627s2000 000 0 eng d
020 ## - INTERNATIONAL STANDARD BOOK NUMBER
International Standard Book Number 9586761126
040 ## - CATALOGING SOURCE
Original cataloging agency CO-CtgCURN
Language of cataloging spa
Transcribing agency coctgcurn
082 0# - DEWEY DECIMAL CLASSIFICATION NUMBER
Classification number 346.6
Item number J17a
100 1# - MAIN ENTRY--PERSONAL NAME
Personal name Jaramillo Castañeda, Armando.
245 10 - TITLE STATEMENT
Title Arrendamiento y restitucion :
Remainder of title vivienda urbana, comercial, regulacion de la renta ! jurisprudencia de la corte suprema, corte constitucional y tribunal superior de Bogotá, ley-marco para la financiacion de vivienda /
Statement of responsibility, etc. Armando Jaramillo Castañeda.
260 ## - PUBLICATION, DISTRIBUTION, ETC.
Place of publication, distribution, etc. Bogotá :
Name of publisher, distributor, etc. Ediciones Doctrina y Ley,
Date of publication, distribution, etc. 2000.
300 ## - PHYSICAL DESCRIPTION
Extent xiv, 669 p.
336 ## - CONTENT TYPE
Source rdacontent
337 ## - MEDIA TYPE
Source rdamedia
Media type term sin mediacion
Media type code n
338 ## - CARRIER TYPE
Source rdacarrier
Carrier type term volumen
Carrier type code nc
505 8# - FORMATTED CONTENTS NOTE
Formatted contents note Arrendamiento de inmuebles destinados a vivienda urbana. Naturaleza juridica.--Esencialidades contractuales.--Obligaciones del arrendador.--Obligaciones especiales y otros aspectos.--Restitucion de inmueble arrendado para vivienda urbana.--Arrendamiento mercantil.--Renovacion del contrato.--Regulacion de la renta
650 14 - SUBJECT ADDED ENTRY--TOPICAL TERM
Topical term or geographic name entry element Arrendamiento
Form subdivision Legislacion
Geographic subdivision Colombia.
908 ## - PUT COMMAND PARAMETER (RLIN)
Put command parameter 160627
942 ## - ADDED ENTRY ELEMENTS (KOHA)
Koha item type Libros
Classification part 346.6
Item part J17a
Source of classification or shelving scheme Dewey Decimal Classification
Suppress in OPAC No
Existencias
Withdrawn status Lost status Source of classification or shelving scheme Damaged status Not for loan Collection Home library Current library Shelving location Date acquired Inventory number Total checkouts Full call number Barcode Date last seen Copy number Price effective from Koha item type Public note
    Dewey Decimal Classification     General Miguel Henríquez Castañeda Miguel Henríquez Castañeda General 03/29/2025 003061   346.6 J17a 003061 03/29/2025 ej.1 03/29/2025 Libros 340-DEREC